00838nam a2200241Ia 450000500170000000800410001702000180005804000180007604100080009408200190010210000180012124501290013925000120026826000470028030000280032765000320035565000420038765000320042965000380046165000440049965000320054370000210057520251030124341.0210716s2011 xx 000 0 und d a9788126521791 cAIMIT LIBRARY aeng a005.821bGODN aGodbole, Nina aCyber security : bunderstanding cyber crimes computer forensics and legal perspectives.cBy Nina Godbole and Sunit Belapure a1st ed. aNew Delhi :bWiley India Pvt Ltd. ,c2011. axlv,570p,I18bPBc23cm. aIntroduction to Cyber crime aTools and methods used in Cyber crime aPhishing and Identity Theft aUnderstandings Computer Forensics aCyberoffenses : how criminals plan them aPhishing and identity theft aBelapure, Sunit.